"Fast Car" lyrics - Statistics

General Stats
  • This quiz has been taken 815 times
  • The average score is 237 of 396
Answer Stats
Lyrics % Correct
car
100%
fast
100%
a
99%
I
99%
go
96%
You
96%
you
96%
got
93%
to
92%
we
86%
be
83%
so
83%
so
83%
in
81%
and
80%
he
80%
get
79%
of
79%
the
78%
have
75%
out
74%
can
70%
is
70%
me
70%
it
69%
here
68%
my
68%
that
67%
us
67%
any
65%
ticket
64%
make
62%
your
60%
anywhere
59%
drive
59%
want
59%
work
59%
driving
58%
like
58%
too
58%
gotta
56%
job
55%
could
54%
way
54%
no
53%
plan
53%
this
53%
what
53%
city
52%
working
51%
at
50%
better
50%
take
50%
for
49%
money
49%
that's
49%
we'll
49%
away
48%
old
48%
live
47%
store
47%
was
47%
maybe
45%
place
45%
someone
45%
speed
45%
were
45%
drunk
44%
him
44%
just
44%
see
44%
from
43%
enough
42%
little
42%
she
42%
bit
41%
convenience
41%
gotta
41%
somewhere
41%
been
40%
feeling
40%
fly
40%
problem
40%
decision
39%
die
39%
do
39%
far
39%
felt
39%
had
39%
his
38%
living
38%
man's
38%
remember
38%
deal
37%
leave
37%
look
37%
nothing
37%
on
37%
or
37%
together
37%
young
37%
bottle
36%
save
36%
body's
35%
I'd
35%
lose
35%
care
34%
did
34%
into
34%
both
33%
school
33%
jobs
32%
left
32%
means
32%
off
32%
went
32%
finally
31%
quit
31%
than
31%
tonight
31%
with
31%
won't
31%
myself
30%
said
30%
shoulder
30%
lights
29%
managed
29%
our
29%
prove
29%
border
28%
will
28%
zero
28%
arm
27%
give
27%
life
27%
mama
27%
more
27%
we'll
27%
girl
26%
somebody's
26%
something
26%
starting
26%
as
25%
round
25%
says
25%
I'll
24%
know
24%
wanted
24%
checkout
23%
cross
23%
wrapped
23%
promoted
22%
all
21%
before
21%
belonged
21%
nice
21%
lives
20%
find
19%
house
19%
suburbs
19%
move
18%
you'll
18%
buy
17%
keep
16%
aint
15%
ain't
15%
bills
15%
going
15%
shelter
15%
still
15%
lay
14%
pays
14%
things
14%
market
13%
stay
13%
kids
12%
would
12%
friends
11%
entertain
10%
bar
9%
bigger
9%
cruising
9%
drinking
9%
ourselves
9%
always
8%
late
8%
nowhere
8%
thought
8%
hoped
7%
plans
7%
No matching quizzes found
Score Distribution
Percent of People with Each Score
Percentile by Number Answered
Your Score History
You have not taken this quiz